000 00449nam a2200181Ia 4500
001 9865
005 20260306161750.0
008 260306t1992||||xx |||||||||||||| ||spa||
041 _aESP
082 _a803
_bR74
100 _aRodríguez Rea, Miguel Ángel
_eAUT
245 0 _aEl Perú y su literatura:
_bguía bibliográfica
260 _c1992
300 _a251 páginas :
_c24 cm.
650 _aGEN
654 _aCHU
942 _cLIB
_dJUS
_fJUS
_2ddc
_n
999 _c9865
_d9865